FAO agricultural policy and economic development series N3 Food security strategies,The Asian experience

Gardado en:
Detalles Bibliográficos
Autor Principal: c Peter Timmer
Formato: Libro
Idioma:Undetermined
Publicado: Rome FAO 1997
Những chủ đề:
Các nhãn: Engadir etiqueta
Sen Etiquetas, Sexa o primeiro en etiquetar este rexistro!
Thư viện lưu trữ: Trung tâm Học liệu Trường Đại học Cần Thơ
LEADER 00607nam a2200193Ia 4500
001 CTU_27646
008 210402s9999 xx 000 0 und d
082 |a 338.1 
082 |b F218/N3 
100 |a c Peter Timmer 
245 0 |a FAO agricultural policy and economic development series N3 
245 0 |b Food security strategies,The Asian experience 
245 0 |c c Peter Timmer,FAO 
260 |a Rome 
260 |b FAO 
260 |c 1997 
650 |a agricultural economics,agriculture and state 
904 |i Nguyễn Quang Điền, 981230 
980 |a Trung tâm Học liệu Trường Đại học Cần Thơ